[Event "Regionalliga NO 9899"]
[Site "Bayern"]
[Date "1999.??.??"]
[Round "5.5"]
[White "Heusinger, Martin"]
[Black "Franz, Gerhard"]
[Result "0-1"]
[WhiteElo "2005"]
[BlackElo "2022"]
[PlyCount "96"]
[EventDate "1998.??.??"]
[EventType "team-tourn"]
[EventRounds "9"]
[EventCountry "GER"]
[SourceTitle "EXT 2020"]
[Source "ChessBase"]
[SourceDate "2019.10.17"]
[SourceVersion "1"]
[SourceVersionDate "2019.10.17"]
[SourceQuality "1"]
[WhiteTeam "Regensburg DJK II"]
[BlackTeam "Amberg SG Siemens"]
[WhiteTeamCountry "GER"]
[BlackTeamCountry "GER"]

1. c4 e5 2. Nc3 Nc6 3. g3 g6 4. Bg2 Bg7 5. e3 d6 6. Nf3 Nf6 7. 0-0 0-0 8. d4 Bf5 9. h3 Re8 10. Nh4 Bd7 11. d5 Ne7 12. e4 Nh5 13. Be3 Rf8 14. Kh2 Qe8 15. Bf3 Nf6 16. Qd2 Kh8 17. Bh6 Bxh6 18. Qxh6 Nfg8 19. Qd2 f5 20. Ne2 Nf6 21. exf5 Nxf5 22. Nxf5 Bxf5 23. Nc3 Qf7 24. Rae1 Kg7 25. Bg2 Rae8 26. f4 exf4 27. Rxf4 Rxe1 28. Qxe1 h5 29. Qf2 b6 30. Qd4 Qe7 31. g4 hxg4 32. hxg4 Rh8+ 33. Kg1 Rh4 34. gxf5 Qe1+ 35. Rf1 Qxf1+ 36. Bxf1 Rxd4 37. fxg6 a6 38. b3 Rd2 39. Ne2 Nh5 40. a4 Kxg6 41. Kf2 Rb2 42. Ke3 Rxb3+ 43. Kd4 Kf6 44. Nc3 Ng3 45. Bh3 Ne2+ 46. Nxe2 Rxh3 47. Nc3 Rh4+ 48. Kd3 Ke5 0-1

[Event "Regionalliga NO 9899"]
[Site "Bayern"]
[Date "1999.??.??"]
[Round "4.5"]
[White "Willim, Michael"]
[Black "Heusinger, Martin"]
[Result "1/2-1/2"]
[WhiteElo "1930"]
[BlackElo "2000"]
[PlyCount "130"]
[EventDate "1998.??.??"]
[EventType "team-tourn"]
[EventRounds "9"]
[EventCountry "GER"]
[SourceTitle "EXT 2020"]
[Source "ChessBase"]
[SourceDate "2019.10.17"]
[SourceVersion "1"]
[SourceVersionDate "2019.10.17"]
[SourceQuality "1"]
[WhiteTeam "Schwabach"]
[BlackTeam "Regensburg DJK II"]
[WhiteTeamCountry "GER"]
[BlackTeamCountry "GER"]

1. c4 e5 2. g3 Nf6 3. Bg2 Nc6 4. Nf3 Be7 5. 0-0 0-0 6. Nc3 d6 7. d3 h6 8. Rb1 Be6 9. b4 e4 10. dxe4 Bxc4 11. b5 Ne5 12. Nh4 Re8 13. f4 Ned7 14. Kh1 Rb8 15. Qd4 Nb6 16. Nf5 Bf8 17. a4 a5 18. Bb2 c5 19. Qd2 Bb3 20. Ba1 Be6 21. Ne3 Nc4 22. Nxc4 Bxc4 23. Qc2 b6 24. Nd1 Be6 25. Ne3 Ng4 26. Nxg4 Bxg4 27. f5 f6 28. e5 Bh5 29. exf6 gxf6 30. Bd5+ Bf7 31. Be6 Bg7 32. Rbd1 Qe7 33. Bxf7+ Kxf7 34. Qc4+ Kf8 35. Rd2 Qe4+ 36. Qxe4 Rxe4 37. Rf4 Rxf4 38. gxf4 Ke7 39. Kg2 Rd8 40. e4 Rg8 41. Kf3 Bh8 42. Rd1 h5 43. Bc3 Rg4 44. h3 Rg8 45. Bb2 h4 46. Bc1 Rg3+ 47. Kf2 Rxh3 48. Rg1 Rc3 49. Be3 Kf7 50. Rd1 h3 51. Rxd6 h2 52. Rd7+ Kg8 53. Rd1 Ra3 54. Rh1 Rxa4 55. Kf3 Rb4 56. Rxh2 Rxb5 57. Rd2 Bg7 58. Rd8+ Kf7 59. Rd7+ Kf8 60. Ra7 Rb3 61. Ke2 c4 62. Bd4 Kg8 63. Ra8+ Kf7 64. Ra7+ Kf8 65. Ra8+ Kf7 1/2-1/2

[Event "Landesliga Nord 9798"]
[Site "Bayern"]
[Date "1997.??.??"]
[Round "?.5"]
[White "Heusinger, Martin"]
[Black "Straschewski, Joerg"]
[Result "1-0"]
[WhiteElo "1970"]
[BlackElo "1942"]
[PlyCount "75"]
[EventDate "1997.10.19"]
[EventType "team-tourn"]
[EventRounds "9"]
[EventCountry "GER"]
[SourceTitle "EXT 2020"]
[Source "ChessBase"]
[SourceDate "2019.10.17"]
[SourceVersion "1"]
[SourceVersionDate "2019.10.17"]
[SourceQuality "1"]
[WhiteTeam "Regensburg DJK II"]
[BlackTeam "Cham"]
[WhiteTeamCountry "GER"]
[BlackTeamCountry "GER"]

1. c4 g6 2. d4 Bg7 3. Nc3 Nf6 4. e4 d6 5. f3 0-0 6. Be3 Nc6 7. Bd3 e5 8. d5 Nd4 9. Nge2 Nh5 10. Qd2 c5 11. dxc6 bxc6 12. Bg5 f6 13. Bh4 Be6 14. Nxd4 exd4 15. Ne2 g5 16. Bf2 f5 17. exf5 Bxf5 18. Bxf5 Rxf5 19. 0-0 c5 20. g4 Rxf3 21. gxh5 Be5 22. Ng3 Kh8 23. Kg2 g4 24. Rae1 Qh4 25. b4 Raf8 26. bxc5 Bxg3 27. hxg3 Qh3+ 28. Kg1 dxc5 29. h6 R3f6 30. Qg5 Qxh6 31. Qxh6 Rxh6 32. Re5 Rc6 33. Rxc5 Rfc8 34. Rxc6 Rxc6 35. Bxd4+ Kg8 36. c5 Ra6 37. Rf2 Ra4 38. Be5 1-0

[Event "Crailsheim op 1st"]
[Site "Crailsheim"]
[Date "1995.??.??"]
[Round "?"]
[White "Heusinger, Martin"]
[Black "Dausch, Rene"]
[Result "1/2-1/2"]
[WhiteElo "1960"]
[BlackElo "2305"]
[PlyCount "95"]
[EventDate "1995.??.??"]
[EventType "swiss"]
[EventRounds "7"]
[EventCountry "GER"]
[SourceTitle "EXT 1999"]
[Source "ChessBase"]
[SourceDate "1998.11.16"]
[SourceVersion "1"]
[SourceVersionDate "1998.11.16"]
[SourceQuality "1"]

1. c4 b6 2. d4 e6 3. Nc3 Bb7 4. Nf3 f5 5. g3 Nf6 6. Bg2 Bb4 7. Bd2 0-0 8. 0-0 d6 9. d5 Bxc3 10. Bxc3 Nbd7 11. Nd4 Nc5 12. Bb4 exd5 13. Bxc5 dxc5 14. Ne6 Qd6 15. Nxf8 Rxf8 16. cxd5 Bxd5 17. Bxd5+ Nxd5 18. Qb3 c6 19. Rad1 Re8 20. Rfe1 Re4 21. a3 Qe5 22. Rd2 c4 23. Qc2 b5 24. b3 c3 25. Rd3 a5 26. f3 Re3 27. Rxe3 Qxe3+ 28. Kh1 g6 29. Qd3 f4 30. Qxe3 fxe3 31. f4 c5 32. Rd1 c4 33. bxc4 b4 34. axb4 axb4 35. cxd5 c2 36. Rc1 b3 37. Kg2 b2 38. Rxc2 b1Q 39. Rc8+ Kg7 40. Re8 Qb5 41. Rxe3 Qxd5+ 42. Rf3 Qe4 43. Kf2 h5 44. h4 Kf6 45. Re3 Qh1 46. Re5 Qh2+ 47. Kf3 Qg1 48. Rg5 1/2-1/2

[Event "Regionalliga NO 9495"]
[Site "Bayern"]
[Date "1995.??.??"]
[Round "?.6"]
[White "Muehlbauer, Franz"]
[Black "Heusinger, Martin"]
[Result "0-1"]
[WhiteElo "2065"]
[BlackElo "1960"]
[PlyCount "111"]
[EventDate "1994.10.??"]
[EventType "team-tourn"]
[EventRounds "9"]
[EventCountry "GER"]
[SourceTitle "EXT 1999"]
[Source "ChessBase"]
[SourceDate "1998.11.16"]
[SourceVersion "1"]
[SourceVersionDate "1998.11.16"]
[SourceQuality "1"]
[WhiteTeam "Furth im Wald"]
[BlackTeam "Regensburg DJK II"]
[WhiteTeamCountry "GER"]
[BlackTeamCountry "GER"]

1. c4 e5 2. g3 Nf6 3. Bg2 Nc6 4. Nc3 g6 5. Nf3 Bg7 6. 0-0 0-0 7. d3 d6 8. Nd2 Rb8 9. Rb1 Bd7 10. b4 Nd4 11. e3 Ne6 12. b5 c5 13. Nf3 Nh5 14. Nd5 f5 15. Bb2 Nf6 16. Nd2 Nxd5 17. Bxd5 Kh8 18. Bg2 g5 19. f4 gxf4 20. exf4 Nd4 21. Nf3 Qc7 22. Ng5 Ne6 23. Nxe6 Bxe6 24. Qe2 Rbe8 25. Rbe1 Bd7 26. Qf3 Bc8 27. Qd5 Re7 28. Re3 Rfe8 29. Rfe1 b6 30. Qc6 Qb8 31. Qf3 Bb7 32. Qh5 Bxg2 33. Kxg2 Qc8 34. Qf3 Kg8 35. Qd5+ Qe6 36. Qxe6+ Rxe6 37. Kf2 Kf7 38. fxe5 dxe5 39. Rf3 e4 40. dxe4 Bxb2 41. Rxf5+ Rf6 42. g4 Rxf5+ 43. gxf5 Kf6 44. Kf3 Rg8 45. Re2 Bd4 46. Kf4 Be5+ 47. Kf3 Rg1 48. Rd2 Bd4 49. Kf4 Rc1 50. Rg2 Be5+ 51. Kg4 Rxc4 52. Re2 Rd4 53. h4 c4 54. Kf3 c3 55. Ke3 Rb4 56. Rg2 0-1

[Event "Crailsheim op 1st"]
[Site "Crailsheim"]
[Date "1995.??.??"]
[Round "?"]
[White "Schiefer, Kim"]
[Black "Heusinger, Martin"]
[Result "1-0"]
[WhiteElo "1855"]
[BlackElo "1960"]
[PlyCount "98"]
[EventDate "1995.??.??"]
[EventType "swiss"]
[EventRounds "7"]
[EventCountry "GER"]
[SourceTitle "EXT 1999"]
[Source "ChessBase"]
[SourceDate "1998.11.16"]
[SourceVersion "1"]
[SourceVersionDate "1998.11.16"]
[SourceQuality "1"]

1. d4 d5 2. Bg5 c6 3. Nd2 h6 4. Bf4 Nf6 5. e3 Qb6 6. Qc1 Nh5 7. Bxb8 Rxb8 8. Ngf3 Bf5 9. c4 Nf6 10. Be2 g6 11. Ne5 Bg7 12. 0-0 0-0 13. Bd3 Bxd3 14. Nxd3 Nd7 15. c5 Qc7 16. f4 Rbe8 17. Qd1 e6 18. Kh1 f5 19. g4 Qd8 20. Rg1 Rf7 21. Qe1 Kf8 22. gxf5 gxf5 23. Nf3 Bf6 24. Rg6 Rh7 25. Qg3 Rg7 26. Rg1 Ree7 27. Nde5 Nxe5 28. Nxe5 Bxe5 29. fxe5 Qd7 30. Qh4 Rxg6 31. Rxg6 Rg7 32. Qxh6 Kg8 33. Rxe6 Qf7 34. Rf6 Qe8 35. Rxf5 Qd8 36. Qe6+ Kh8 37. Rh5+ Rh7 38. Rxh7+ Kxh7 39. Qf7+ Kh6 40. Qf6+ Qxf6 41. exf6 Kg6 42. Kg2 Kxf6 43. Kg3 Kg5 44. h4+ Kf5 45. Kf3 b6 46. b4 b5 47. h5 Kg5 48. h6 Kxh6 49. Kf4 Kg6 1-0

[Event "Regionalliga NO 9495"]
[Site "Bayern"]
[Date "1995.??.??"]
[Round "?.5"]
[White "Woerl, Richard"]
[Black "Heusinger, Martin"]
[Result "1-0"]
[WhiteElo "1980"]
[BlackElo "1960"]
[PlyCount "77"]
[EventDate "1994.10.??"]
[EventType "team-tourn"]
[EventRounds "9"]
[EventCountry "GER"]
[SourceTitle "EXT 1999"]
[Source "ChessBase"]
[SourceDate "1998.11.16"]
[SourceVersion "1"]
[SourceVersionDate "1998.11.16"]
[SourceQuality "1"]
[WhiteTeam "Nuernberg Sued SW"]
[BlackTeam "Regensburg DJK II"]
[WhiteTeamCountry "GER"]
[BlackTeamCountry "GER"]

1. e4 e5 2. Nf3 Nc6 3. d4 exd4 4. Bc4 Be7 5. c3 Nf6 6. e5 Ne4 7. 0-0 d5 8. Bb5 dxc3 9. Nxc3 Nxc3 10. bxc3 0-0 11. Qd3 Be6 12. Bxc6 bxc6 13. Nd4 Qd7 14. f4 f5 15. Qa6 Bc5 16. Be3 Bb6 17. Kh1 Qc8 18. Qa4 c5 19. Nb3 c4 20. Nc5 Qe8 21. Qc2 Qc6 22. Qf2 Bc8 23. a4 a6 24. a5 Ba7 25. Bd4 Re8 26. Rab1 Bxc5 27. Bxc5 Bd7 28. Bd4 Rab8 29. g4 Rb5 30. Qg2 fxg4 31. Rxb5 Qxb5 32. f5 Rf8 33. e6 Bc8 34. Qxg4 g6 35. f6 Rd8 36. f7+ Kf8 37. Qg5 Re8 38. fxe8Q+ Kxe8 39. Qf6 1-0

[Event "Regionalliga NO 9495"]
[Site "Bayern"]
[Date "1994.??.??"]
[Round "?.6"]
[White "Deckert, Marc"]
[Black "Heusinger, Martin"]
[Result "1-0"]
[WhiteElo "1980"]
[BlackElo "1960"]
[PlyCount "67"]
[EventDate "1994.10.??"]
[EventType "team-tourn"]
[EventRounds "9"]
[EventCountry "GER"]
[SourceTitle "EXT 1999"]
[Source "ChessBase"]
[SourceDate "1998.11.16"]
[SourceVersion "1"]
[SourceVersionDate "1998.11.16"]
[SourceQuality "1"]
[WhiteTeam "Fuerth SF"]
[BlackTeam "Regensburg DJK II"]
[WhiteTeamCountry "GER"]
[BlackTeamCountry "GER"]

1. e4 e5 2. Nc3 Bc5 3. f4 d6 4. Nf3 Nc6 5. Bb5 Bd7 6. Na4 Nf6 7. Nxc5 dxc5 8. Bxc6 Bxc6 9. fxe5 Nd7 10. d3 Qe7 11. Bf4 h6 12. e6 Qxe6 13. Bxc7 f5 14. 0-0 fxe4 15. Nh4 Nf6 16. Ng6 Rg8 17. dxe4 Bxe4 18. Re1 Qc6 19. Bg3 Nd7 20. Qh5 Kd8 21. Qh4+ Nf6 22. Rad1+ Ke8 23. Rd6 Qxd6 24. Bxd6 Kd7 25. Rxe4 Nxe4 26. Qe7+ Kc6 27. Ne5+ Kb6 28. Nc4+ Ka6 29. Qxe4 Rge8 30. Qd3 b6 31. Be5 b5 32. Qd6+ Kb7 33. Qc7+ Ka6 34. Qc6# 1-0

[Event "Regionalliga NO 9495"]
[Site "Bayern"]
[Date "1994.??.??"]
[Round "?.8"]
[White "Heusinger, Martin"]
[Black "Blank, Helmut"]
[Result "0-1"]
[WhiteElo "1960"]
[BlackElo "1965"]
[PlyCount "88"]
[EventDate "1994.10.??"]
[EventType "team-tourn"]
[EventRounds "9"]
[EventCountry "GER"]
[SourceTitle "EXT 1999"]
[Source "ChessBase"]
[SourceDate "1998.11.16"]
[SourceVersion "1"]
[SourceVersionDate "1998.11.16"]
[SourceQuality "1"]
[WhiteTeam "Regensburg DJK II"]
[BlackTeam "Nuernberg Noris Tarrasch II"]
[WhiteTeamCountry "GER"]
[BlackTeamCountry "GER"]

1. c4 c6 2. Nc3 d5 3. cxd5 cxd5 4. d4 Nf6 5. Nf3 Nc6 6. g3 g6 7. Bg2 Bg7 8. 0-0 0-0 9. Re1 Ne4 10. Nb1 Qb6 11. e3 e6 12. Nbd2 f5 13. a3 a5 14. b3 Bd7 15. Bb2 Rfc8 16. h4 h6 17. Nxe4 dxe4 18. Nd2 Ne7 19. Bf1 Nd5 20. Nc4 Qd8 21. Rc1 Be8 22. a4 Bf8 23. Be2 Bb4 24. Rf1 b5 25. axb5 Bxb5 26. Kg2 Kh7 27. Rh1 Rc7 28. Qf1 Rac8 29. Qd1 a4 30. Bf1 axb3 31. Qxb3 Qe8 32. Be2 Qe7 33. Rhg1 Ra7 34. Nd6 Rxc1 35. Rxc1 Bxe2 36. Nc8 Qb7 37. Nxa7 Qxa7 38. Ra1 Qd7 39. Ba3 Qb5 40. Bxb4 Qxb4 41. Ra7+ Kg8 42. Qa2 Qe1 43. Ra8+ Kf7 44. Ra7+ Kf6 0-1